[Event "ETCC Open 2023"]
[Site "Budva"]
[Date "2023.11.20"]
[Round "9.43"]
[White "Smirin, Ilia"]
[Black "Hillarp Persson, Tiger"]
[Result "1-0"]
[WhiteElo "2578"]
[BlackElo "2502"]
[Annotator "RC"]
[PlyCount "58"]
[EventDate "2023.11.10"]
[EventType "team-tourn"]
[EventCountry "MNE"]
[SourceTitle "playchess.com"]
[Source "ChessBase"]
[SourceQuality "1"]
[WhiteTeam "Israel"]
[BlackTeam "Sweden"]
[WhiteTeamCountry "ISR"]
[BlackTeamCountry "SWE"]

1. e4 c5 2. Nf3 d6 3. Bb5+ Bd7 4. c4 e5 5. Bxd7+ Nxd7 6. Nc3 Ne7 7. d3 Nc6 8. h4 Be7 9. h5 a6 10. g4 Rb8 11. a4 Nf8 12. Nd5 Ne6 13. Kf1 b6 14. Bd2 Qd7 15. Ne3 O-O 16. Nf5 Rb7 17. g5 Ncd4 18. N3xd4 Nxd4 19. Qg4 Nxf5 20. exf5 d5 21. cxd5 Qxd5 22. Rh3 Rd8 23. f6 Bf8 24. Bc3 Qd7 25. Qf3 gxf6 26. gxf6 Bh6 27. Re1 Kh8 28. Rxe5 Rbb8 29. Re7 Qd5 1-0

[Event "ETCC Open 2023"]
[Site "Budva"]
[Date "2023.11.20"]
[Round "9.44"]
[White "Sorensen, Hampus"]
[Black "Postny, Evgeny"]
[Result "1/2-1/2"]
[WhiteElo "2479"]
[BlackElo "2577"]
[Annotator "RC"]
[PlyCount "141"]
[EventDate "2023.11.10"]
[EventType "team-tourn"]
[EventCountry "MNE"]
[SourceTitle "playchess.com"]
[Source "ChessBase"]
[SourceQuality "1"]
[WhiteTeam "Sweden"]
[BlackTeam "Israel"]
[WhiteTeamCountry "SWE"]
[BlackTeamCountry "ISR"]

1. d4 Nf6 2. c4 e6 3. Nf3 d5 4. g3 dxc4 5. Bg2 c5 6. O-O Nc6 7. Na3 cxd4 8. Nxc4 Bc5 9. a3 a5 10. b3 Nd7 11. Bb2 e5 12. b4 axb4 13. axb4 Rxa1 14. Qxa1 Nxb4 15. Ncxe5 Nxe5 16. Nxe5 O-O 17. Rd1 Qe8 18. Nd3 Nxd3 19. exd3 Qe5 20. Re1 Qd6 21. Qa4 Bd7 22. Qb3 Be6 23. Qb5 b6 24. h4 h6 25. Bc1 Qd7 26. Bc6 Qa7 27. Bf4 Qa5 28. Qb1 Rd8 29. Re2 Bd6 30. Bxd6 Rxd6 31. Be4 Bd5 32. Qb2 Bxe4 33. Rxe4 Qd5 34. Qb4 Kh7 35. Kh2 f5 36. Re1 f4 37. Re4 fxg3+ 38. fxg3 b5 39. Qb2 Rd7 40. Qe2 b4 41. Re5 Qc6 42. Qg4 Rf7 43. Qxd4 b3 44. Re2 Rd7 45. Qe3 Rb7 46. Rb2 Qd5 47. d4 h5 48. Qd3+ g6 49. Qc3 Qf7 50. Qd3 Qd5 51. Qc3 Qf5 52. Rd2 Qb5 53. Rb2 Qd5 54. Qd3 Rb4 55. Qe3 Rb7 56. Qd3 Kg7 57. Qc3 Rf7 58. Qe3 Rf3 59. Qe7+ Kh6 60. Rd2 Qf5 61. Qe2 Rc3 62. d5 Rc2 63. d6 b2 64. Qe3+ Kg7 65. d7 Qxd7 66. Qe5+ Kh7 67. Rxc2 b1=Q 68. Rc7 Qa2+ 69. Kg1 Qb1+ 70. Kh2 Qa2+ 71. Kg1 1/2-1/2

[Event "ETCC Open 2023"]
[Site "Budva"]
[Date "2023.11.20"]
[Round "9.45"]
[White "Gretarsson, Hjorvar Steinn"]
[Black "Yilmaz, Mustafa"]
[Result "1/2-1/2"]
[WhiteElo "2518"]
[BlackElo "2650"]
[Annotator "TA"]
[PlyCount "119"]
[EventDate "2023.11.10"]
[EventType "team-tourn"]
[EventCountry "MNE"]
[SourceTitle "playchess.com"]
[Source "ChessBase"]
[SourceQuality "1"]
[WhiteTeam "Iceland"]
[BlackTeam "Turkey"]
[WhiteTeamCountry "ISL"]
[BlackTeamCountry "TUR"]

1. d4 Nf6 2. c4 e6 3. Nc3 Bb4 4. Nf3 d5 5. e3 O-O 6. Bd2 b6 7. cxd5 exd5 8. Bd3 Bd6 9. Rc1 Ba6 10. Bxa6 Nxa6 11. Qa4 Nb4 12. Ke2 a5 13. a3 c5 14. Qb5 Na6 15. Rhd1 Nc7 16. Qxb6 c4 17. Qc6 a4 18. e4 Re8 19. Bg5 Re6 20. Qb7 Rb8 21. Qa7 Ra8 22. Qb7 Rb8 23. Qa7 Nxe4 24. Nxe4 Rxe4+ 25. Kf1 Qe8 26. Qa5 Rxb2 27. Rb1 c3 28. Rxb2 cxb2 29. Rb1 h6 30. Bd2 Qb5+ 31. Qxb5 Nxb5 32. Rxb2 Nxd4 33. Nxd4 Rxd4 34. Bb4 Bxb4 35. axb4 Rd3 36. Ke2 Rc3 37. Rd2 Rb3 38. Rxd5 Rxb4 39. Ra5 g5 40. Kf3 Kg7 41. Ra6 h5 42. h3 f6 43. Ra7+ Kg6 44. g4 h4 45. Kg2 Rf4 46. Kg1 Rd4 47. Kg2 Rb4 48. Kh2 Rd4 49. Kg2 Rc4 50. Kh2 Rc2 51. Kg2 Ra2 52. Kf3 Ra1 53. Kg2 a3 54. Kh2 Ra2 55. Kg2 Kh6 56. Kf3 Ra1 57. Kg2 Kg6 58. Kh2 a2 59. Kg2 Kh6 60. Kh2 1/2-1/2

[Event "ETCC Open 2023"]
[Site "Budva"]
[Date "2023.11.20"]
[Round "9.46"]
[White "Sanal, Vahap"]
[Black "Stefansson, Vignir Vatnar"]
[Result "1/2-1/2"]
[WhiteElo "2608"]
[BlackElo "2483"]
[Annotator "TA"]
[PlyCount "201"]
[EventDate "2023.11.10"]
[EventType "team-tourn"]
[EventCountry "MNE"]
[SourceTitle "playchess.com"]
[Source "ChessBase"]
[SourceQuality "1"]
[WhiteTeam "Turkey"]
[BlackTeam "Iceland"]
[WhiteTeamCountry "TUR"]
[BlackTeamCountry "ISL"]

1. e4 e5 2. Nf3 Nc6 3. Bb5 Nf6 4. d3 Bc5 5. Nc3 a6 6. Bxc6 dxc6 7. h3 Qe7 8. Ne2 Nd7 9. Ng3 Nf8 10. d4 exd4 11. Nxd4 Be6 12. Nxe6 Nxe6 13. O-O Qf6 14. Nf5 h5 15. Rb1 g6 16. b4 gxf5 17. bxc5 Rg8 18. exf5 Qxf5 19. Rb3 h4 20. Re1 Qg6 21. g4 hxg3 22. Rxg3 Qh7 23. Bg5 Kf8 24. Qd7 Rxg5 25. Rxe6 Rxg3+ 26. fxg3 Qxc2 27. Qe7+ Kg8 28. Re5 Qd1+ 29. Kg2 Qd2+ 30. Kf3 f6 31. Re4 Qd3+ 32. Kg4 Qd5 33. Qe6+ Kg7 34. Qxd5 cxd5 35. Re7+ Kg6 36. Rxc7 Re8 37. Rxb7 Rc8 38. h4 Rxc5 39. h5+ Kh6 40. Rb6 Rc4+ 41. Kf5 Kxh5 42. Rxf6 Rg4 43. Rxa6 Rxg3 44. Ke5 Rd3 45. a4 Kg5 46. Rb6 Rf3 47. Kxd5 Rf4 48. Ra6 Rf5+ 49. Kc6 Rf6+ 50. Kb7 Rf7+ 51. Kc8 Rf8+ 52. Kd7 Rf7+ 53. Ke8 Rf4 54. a5 Rf5 55. Ke7 Rb5 56. Ra8 Kg6 57. a6 Rb6 58. Kd7 Kg7 59. Ke7 Rc6 60. Ra7 Rf6 61. Kd8+ Kg6 62. Ke8 Rb6 63. Ke7 Kg7 64. Kd8+ Kg6 65. Ra8 Kg7 66. Ke7 Rc6 67. Ra7 Rf6 68. Kd8+ Kg6 69. Ke8 Rb6 70. Ke7 Kg7 71. Kd7 Rf6 72. Kc7 Kg6 73. Ra8 Kg7 74. Ra7 Kg6 75. Ra8 Kg7 76. Kd7 Rb6 77. Ra7 Rf6 78. Ke8+ Kg6 79. Kd8 Rf8+ 80. Kc7 Rf7+ 81. Kb6 Rf6+ 82. Kc5 Rf5+ 83. Kd4 Rf4+ 84. Ke5 Rf5+ 85. Ke4 Rf6 86. Ra8 Kg7 87. Ke5 Rb6 88. Kd4 Rf6 89. Ra7+ Kg6 90. Ke4 Re6+ 91. Kf4 Rf6+ 92. Kg4 Rb6 93. Ra8 Kg7 94. Kf5 Rf6+ 95. Ke5 Rb6 96. a7 Ra6 97. Kd5 Ra1 98. Kc6 Rc1+ 99. Kb7 Rb1+ 100. Kc7 Rc1+ 101. Kb7 1/2-1/2

[Event "ETCC Open 2023"]
[Site "Budva"]
[Date "2023.11.20"]
[Round "9.47"]
[White "Kjartansson, Gudmundur"]
[Black "Ali Marandi, Cemil Can"]
[Result "1/2-1/2"]
[WhiteElo "2449"]
[BlackElo "2544"]
[Annotator "RC"]
[PlyCount "221"]
[EventDate "2023.11.10"]
[EventType "team-tourn"]
[EventCountry "MNE"]
[SourceTitle "playchess.com"]
[Source "ChessBase"]
[SourceQuality "1"]
[WhiteTeam "Iceland"]
[BlackTeam "Turkey"]
[WhiteTeamCountry "ISL"]
[BlackTeamCountry "TUR"]

1. d4 d5 2. c4 c6 3. Nc3 Nf6 4. Nf3 e6 5. e3 Nbd7 6. Be2 Bd6 7. O-O O-O 8. a4 a5 9. h3 b6 10. b3 Qe7 11. Bb2 Bb7 12. Qc2 Rac8 13. Rad1 c5 14. Nb5 Bb8 15. Qb1 e5 16. dxe5 Nxe5 17. Qf5 g6 18. Qg5 Rce8 19. Nxe5 Bxe5 20. Bxe5 Qxe5 21. Qxe5 Rxe5 22. Bf3 Rb8 23. Rd2 dxc4 24. Bxb7 Rxb7 25. bxc4 Kg7 26. Rfd1 h5 27. h4 Ree7 28. g3 Ng4 29. Kf1 Ne5 30. Na3 Re6 31. Ke2 Rbe7 32. Rb1 Ng4 33. Rb3 Rf6 34. f3 Nh6 35. Nc2 Nf5 36. e4 Nxg3+ 37. Kd1 Nxe4 38. fxe4 Rxe4 39. Ne3 Rfe6 40. Rdd3 Rxh4 41. Rd7 Rhe4 42. Ke2 h4 43. Kf3 R4e5 44. Nd5 Rf5+ 45. Kg2 Kh6 46. Rf3 Rg5+ 47. Kh3 f5 48. Kxh4 Re4+ 49. Kh3 Rxc4 50. Nxb6 Rb4 51. Rd6 Kh5 52. Kh2 Rh4+ 53. Rh3 Rxh3+ 54. Kxh3 Rg4 55. Rc6 Rb4 56. Kg3 g5 57. Nd5 f4+ 58. Kf2 Rxa4 59. Rxc5 Ra2+ 60. Kf3 Ra3+ 61. Kf2 Kh4 62. Kg2 f3+ 63. Kf2 g4 64. Nc3 Rb3 65. Rc8 Rb2+ 66. Ke3 f2 67. Ne4 f1=N+ 68. Kf4 Ng3 69. Rh8+ Nh5+ 70. Ke3 Rb3+ 71. Kd4 g3 72. Nxg3 Rxg3 73. Kc4 Rg5 74. Kb3 Kg4 75. Ka4 Nf4 76. Ra8 Nd5 77. Rxa5 Kf4 78. Kb3 Ke4 79. Ra8 Rg1 80. Re8+ Kd3 81. Kb2 Rg2+ 82. Kb3 Rg7 83. Rb8 Kd4 84. Rd8 Rh7 85. Kc2 Rh3 86. Rd6 Ke5 87. Rd8 Ke4 88. Re8+ Kd4 89. Rd8 Rc3+ 90. Kd2 Rc7 91. Ke2 Rf7 92. Rd6 Rf8 93. Rd7 Ke4 94. Rd6 Re8 95. Kd2 Rh8 96. Kc2 Kd4 97. Kb3 Kc5 98. Rg6 Rh3+ 99. Kc2 Nf4 100. Rg4 Rf3 101. Rg8 Nd5 102. Rc8+ Kd4 103. Rd8 Rh3 104. Rd6 Rh8 105. Kb3 Rc8 106. Rd7 Rb8+ 107. Kc2 Kc4 108. Rd6 Rg8 109. Rc6+ Kd4 110. Rd6 Rh8 111. Kb3 1/2-1/2

[Event "ETCC Open 2023"]
[Site "Budva"]
[Date "2023.11.20"]
[Round "9.48"]
[White "Yilmazyerli, Mert"]
[Black "Heimisson, Hilmir Freyr"]
[Result "1/2-1/2"]
[WhiteElo "2533"]
[BlackElo "2377"]
[Annotator "RC"]
[PlyCount "145"]
[EventDate "2023.11.10"]
[EventType "team-tourn"]
[EventCountry "MNE"]
[SourceTitle "playchess.com"]
[Source "ChessBase"]
[SourceQuality "1"]
[WhiteTeam "Turkey"]
[BlackTeam "Iceland"]
[WhiteTeamCountry "TUR"]
[BlackTeamCountry "ISL"]

1. d4 Nf6 2. c4 c6 3. Nc3 d5 4. Nf3 dxc4 5. a4 Bf5 6. Ne5 Nbd7 7. Nxc4 Qc7 8. g3 e5 9. dxe5 Nxe5 10. Bf4 Nfd7 11. Bg2 g5 12. Ne3 gxf4 13. Nxf5 O-O-O 14. O-O fxg3 15. hxg3 Kb8 16. Qc2 a5 17. Rfd1 h5 18. Ne4 Bb4 19. Rd4 Ng6 20. Rad1 Nde5 21. Rxd8+ Rxd8 22. Nf6 h4 23. gxh4 Be7 24. Rxd8+ Bxd8 25. Ne4 Nxh4 26. Nxh4 Bxh4 27. Qc3 Be7 28. Qd4 Ng6 29. e3 Nh4 30. Qg7 Bd8 31. Qd4 Be7 32. Ng3 Bd8 33. Be4 Qe7 34. Kh2 Bc7 35. f4 Qf8 36. Nf5 Nxf5 37. Bxf5 Bd6 38. Kg2 Bc5 39. Qe5+ Ka7 40. Kf3 Bb6 41. Qc3 Qh6 42. b3 Qh1+ 43. Kf2 Qh2+ 44. Kf3 Qh4 45. Kg2 Qh5 46. Bh3 f6 47. Kg3 Qg6+ 48. Kf3 Qg1 49. Bg2 Kb8 50. Bh3 Qd1+ 51. Kf2 Qd6 52. Kg3 Qe7 53. Kf3 Bc5 54. Bf5 Bb4 55. Qd4 Kc7 56. Qc4 Kb6 57. Qe6 Qd8 58. Qd7 Qh8 59. Bh7 Bc5 60. e4 Qf8 61. Kg4 Be3 62. Kf3 Bg1 63. Bg6 Ka7 64. Kg4 Qc5 65. Qd3 Bd4 66. Qc4 Qd6 67. Kf5 Bb2 68. Bf7 Qd7+ 69. Be6 Qh7+ 70. Kg4 Qg6+ 71. Kf3 Qh5+ 72. Kg3 Qg6+ 73. Bg4 1/2-1/2

[Event "ETCC Open 2023"]
[Site "Budva"]
[Date "2023.11.20"]
[Round "9.49"]
[White "Laurusas, Tomas"]
[Black "Pechac, Jergus"]
[Result "1/2-1/2"]
[WhiteElo "2566"]
[BlackElo "2580"]
[Annotator "RC"]
[PlyCount "110"]
[EventDate "2023.11.10"]
[EventType "team-tourn"]
[EventCountry "MNE"]
[SourceTitle "playchess.com"]
[Source "ChessBase"]
[SourceQuality "1"]
[WhiteTeam "Lithuania"]
[BlackTeam "Slovakia"]
[WhiteTeamCountry "LTU"]
[BlackTeamCountry "SVK"]

1. d4 Nf6 2. c4 e6 3. Nf3 d5 4. Nc3 Be7 5. Bg5 h6 6. Bh4 dxc4 7. e3 c5 8. Bxc4 cxd4 9. Nxd4 Bd7 10. O-O Nc6 11. Nf3 O-O 12. Qe2 Nh5 13. Bxe7 Qxe7 14. a3 Rfd8 15. Rac1 Rac8 16. Rfd1 Be8 17. Ba2 Rxd1+ 18. Rxd1 Nf6 19. h3 Rd8 20. Kf1 Rxd1+ 21. Qxd1 Qd8 22. Qxd8 Nxd8 23. Ne5 Kf8 24. f4 Ke7 25. Ke2 Nd7 26. Nd3 Nb6 27. e4 Na4 28. Nd1 Bb5 29. Ke3 Bxd3 30. Kxd3 e5 31. f5 Nc6 32. b4 Nd4 33. Bd5 b6 34. Ne3 b5 35. Ba2 Nb6 36. Ng4 f6 37. Ne3 Nc6 38. Kc3 Nd4 39. Kd3 Nc6 40. Nd1 Nd4 41. Nc3 Kd6 42. Nd1 Ke7 43. Nb2 Nc8 44. Kd2 Nb6 45. Nd3 Na4 46. Nf2 Nb6 47. Nd1 Kd6 48. Nb2 Ke7 49. Bb1 Nb3+ 50. Kc3 Nd4 51. Bd3 Kd6 52. Bf1 Kc6 53. Bd3 Kd6 54. Bf1 Kc6 55. Bd3 Kd6 1/2-1/2

[Event "ETCC Open 2023"]
[Site "Budva"]
[Date "2023.11.20"]
[Round "9.50"]
[White "Gazik, Viktor"]
[Black "Kazakouski, Valery"]
[Result "1/2-1/2"]
[WhiteElo "2547"]
[BlackElo "2577"]
[Annotator "RC"]
[PlyCount "74"]
[EventDate "2023.11.10"]
[EventType "team-tourn"]
[EventCountry "MNE"]
[SourceTitle "playchess.com"]
[Source "ChessBase"]
[SourceQuality "1"]
[WhiteTeam "Slovakia"]
[BlackTeam "Lithuania"]
[WhiteTeamCountry "SVK"]
[BlackTeamCountry "LTU"]

1. e4 e5 2. Nf3 Nc6 3. d4 exd4 4. Nxd4 Bc5 5. Be3 Qf6 6. c3 Nge7 7. Bb5 O-O 8. O-O Bb6 9. a4 d6 10. Kh1 h6 11. Re1 Kh8 12. f3 a5 13. Na3 d5 14. Bxc6 bxc6 15. e5 Qg6 16. b4 Nf5 17. Nxf5 Bxf5 18. b5 cxb5 19. Nxb5 Rad8 20. Qd2 Rfe8 21. Bd4 c5 22. Bf2 f6 23. exf6 Rxe1+ 24. Rxe1 Qxf6 25. Bg3 Kh7 26. Be5 Qh4 27. Nd6 Bg6 28. Bg3 Qxa4 29. Qxd5 Qd7 30. h4 Bc7 31. Re6 Bb1 32. Qe5 Bxd6 33. Rxd6 Qxd6 34. Qxd6 Rxd6 35. Bxd6 c4 36. Kg1 Kg6 37. Kf2 Kf6 1/2-1/2

[Event "ETCC Open 2023"]
[Site "Budva"]
[Date "2023.11.20"]
[Round "9.51"]
[White "Pultinevicius, Paulius"]
[Black "Sahidi, Samir"]
[Result "1/2-1/2"]
[WhiteElo "2589"]
[BlackElo "2464"]
[Annotator "RC"]
[PlyCount "157"]
[EventDate "2023.11.10"]
[EventType "team-tourn"]
[EventCountry "MNE"]
[SourceTitle "playchess.com"]
[Source "ChessBase"]
[SourceQuality "1"]
[WhiteTeam "Lithuania"]
[BlackTeam "Slovakia"]
[WhiteTeamCountry "LTU"]
[BlackTeamCountry "SVK"]

1. d4 Nf6 2. c4 e6 3. Nf3 d5 4. Nc3 Be7 5. Bf4 O-O 6. e3 a6 7. c5 Nc6 8. Bd3 Nh5 9. a3 Bd7 10. Rc1 Nxf4 11. exf4 f5 12. Qe2 Bf6 13. Qe3 b6 14. Ne2 b5 15. b3 Qe7 16. h3 g6 17. g4 Kf7 18. Kd2 Rg8 19. Bc2 Raf8 20. Rce1 Ke8 21. b4 Bh8 22. Qc3 h6 23. g5 h5 24. Ng3 Qg7 25. Ne2 Qe7 26. a4 Kf7 27. axb5 axb5 28. Bb3 Ra8 29. Nc1 Qd8 30. Nd3 Qc8 31. Qb2 Qa6 32. Kc2 Rge8 33. Qc3 Qb7 34. Ra1 Rxa1 35. Rxa1 Ra8 36. Rd1 Qa6 37. Kd2 Qa3 38. Rc1 Bg7 39. Ke2 Be8 40. Kf1 Bd7 41. Kg2 Be8 42. Rb1 Kf8 43. Qe1 Bf7 44. Nde5 Nxe5 45. Nxe5 Qa6 46. c6 Bxe5 47. Qxe5 Qxc6 48. Qh8+ Ke7 49. Qf6+ Kf8 50. Qh8+ Ke7 51. Qg7 Qd6 52. Re1 Ra3 53. Bd1 Qxb4 54. Re5 Ke8 55. Be2 c6 56. Bxh5 gxh5 57. g6 Qf8 58. gxf7+ Qxf7 59. Qh8+ Ke7 60. Qc8 Kf6 61. Qxc6 Qg8+ 62. Kf1 Rxh3 63. Re3 Rxe3 64. fxe3 Qb8 65. Qd7 b4 66. Qh7 Qe8 67. Qh6+ Ke7 68. Qg7+ Kd6 69. Qb7 Qa4 70. Kg2 b3 71. Kh3 Qa3 72. Kh4 b2 73. Kg5 Qa5 74. Qxb2 Qd8+ 75. Kxh5 Qh8+ 76. Kg6 Qg8+ 77. Kf6 Qf8+ 78. Kg6 Qg8+ 79. Kf6 1/2-1/2

[Event "ETCC Open 2023"]
[Site "Budva"]
[Date "2023.11.20"]
[Round "9.52"]
[White "Haring, Filip"]
[Black "Klabis, Rokas"]
[Result "1/2-1/2"]
[WhiteElo "2446"]
[BlackElo "2412"]
[Annotator "RC"]
[PlyCount "80"]
[EventDate "2023.11.10"]
[EventType "team-tourn"]
[EventCountry "MNE"]
[SourceTitle "playchess.com"]
[Source "ChessBase"]
[SourceQuality "1"]
[WhiteTeam "Slovakia"]
[BlackTeam "Lithuania"]
[WhiteTeamCountry "SVK"]
[BlackTeamCountry "LTU"]

1. e4 e5 2. Nf3 Nc6 3. d4 exd4 4. Nxd4 Qf6 5. Nf3 h6 6. Nc3 Bc5 7. Nd5 Qd8 8. Bd2 Nge7 9. b4 Nxd5 10. bxc5 Qe7 11. Be2 Nf6 12. e5 Nxe5 13. O-O O-O 14. Bc3 Nxf3+ 15. Bxf3 Ne4 16. Bxe4 Qxe4 17. Re1 Qc4 18. Qf3 d6 19. cxd6 cxd6 20. Re4 Qc5 21. Bd4 Qf5 22. Qg3 Qg6 23. Qxg6 fxg6 24. Re7 Rf7 25. Re8+ Rf8 26. Re7 Rf7 27. Re8+ Rf8 28. Rae1 b6 29. R1e7 Rxe8 30. Rxe8+ Kf7 31. Rd8 h5 32. f3 Ke6 33. Rg8 Kd5 34. Bb2 b5 35. a3 a5 36. Bc3 b4 37. axb4 axb4 38. Bxb4 Ra1+ 39. Kf2 Bf5 40. c3 Ra2+ 1/2-1/2

[Event "ETCC Open 2023"]
[Site "Budva"]
[Date "2023.11.20"]
[Round "9.57"]
[White "Nikolovski, Nikola"]
[Black "Georgiadis, Nico"]
[Result "0-1"]
[WhiteElo "2405"]
[BlackElo "2556"]
[Annotator "RC"]
[PlyCount "114"]
[EventDate "2023.11.10"]
[EventType "team-tourn"]
[EventCountry "MNE"]
[SourceTitle "playchess.com"]
[Source "ChessBase"]
[SourceQuality "1"]
[WhiteTeam "Macedonia"]
[BlackTeam "Switzerland"]
[WhiteTeamCountry "MKD"]
[BlackTeamCountry "SUI"]

1. e4 c5 2. Be2 Nc6 3. f4 e6 4. Nf3 d5 5. d3 Bd6 6. O-O Nge7 7. c3 f6 8. Na3 O-O 9. Be3 b6 10. Nb5 Bb8 11. a4 Qd7 12. Qc2 Bb7 13. Rad1 a6 14. Na3 f5 15. Ng5 h6 16. Nh3 Kh8 17. Bf3 e5 18. Qc1 Kh7 19. Qc2 Bc7 20. a5 exf4 21. Bxf4 Nxa5 22. e5 Rac8 23. Rde1 Nac6 24. e6 Qd8 25. Bc1 Ne5 26. Qf2 Qd6 27. Qh4 N5g6 28. Ng5+ Kg8 29. Qh5 hxg5 30. Bxg5 Nf4 31. Qh4 Neg6 32. Qg3 Nxd3 33. e7 Rfe8 34. Qxd6 Bxd6 35. Re6 Bxe7 36. Rxg6 Bxg5 37. Rxg5 Re1 38. Rxe1 Nxe1 39. Be2 c4 40. Rxf5 Re8 41. Rf2 Bc8 42. Bf1 Bg4 43. Nb1 b5 44. Nd2 a5 45. h3 Bh5 46. g4 Bg6 47. Re2 Rxe2 48. Bxe2 Kf7 49. Kf2 Nc2 50. Nf3 b4 51. Bd1 b3 52. Ke2 a4 53. Bxc2 Bxc2 54. Kd2 Be4 55. Ng5+ Kg6 56. h4 a3 57. Nxe4 a2 0-1

[Event "ETCC Open 2023"]
[Site "Budva"]
[Date "2023.11.20"]
[Round "9.58"]
[White "Bogner, Sebastian"]
[Black "Risteski, Emil"]
[Result "1-0"]
[WhiteElo "2536"]
[BlackElo "2379"]
[Annotator "RC"]
[PlyCount "83"]
[EventDate "2023.11.10"]
[EventType "team-tourn"]
[EventCountry "MNE"]
[SourceTitle "playchess.com"]
[Source "ChessBase"]
[SourceQuality "1"]
[WhiteTeam "Switzerland"]
[BlackTeam "Macedonia"]
[WhiteTeamCountry "SUI"]
[BlackTeamCountry "MKD"]

1. Nf3 Nf6 2. c4 g6 3. Nc3 Bg7 4. e4 d6 5. d4 O-O 6. Be2 Nbd7 7. Be3 e5 8. d5 Ng4 9. Bg5 f6 10. Bh4 Nh6 11. Nd2 Nf7 12. b4 Bh6 13. Nb3 Ng5 14. O-O f5 15. Kh1 Nf6 16. f3 Nf7 17. exf5 gxf5 18. c5 Nh8 19. Bf2 Ng6 20. g3 Bg7 21. Qc2 e4 22. f4 h5 23. Bd4 h4 24. cxd6 cxd6 25. Qd2 hxg3 26. hxg3 Qe7 27. Na5 Re8 28. Nc4 e3 29. Qd3 Ne4 30. Nxe4 fxe4 31. Qxe3 Bxd4 32. Qxd4 b5 33. Ne3 Qh7+ 34. Kg1 Rf8 35. Rf2 Bh3 36. Rh2 Nxf4 37. gxf4 Rxf4 38. Kh1 Rh4 39. Rg1+ Kf7 40. Bg4 a5 41. Nf5 Bg2+ 42. Rgxg2 1-0

[Event "ETCC Open 2023"]
[Site "Budva"]
[Date "2023.11.20"]
[Round "9.59"]
[White "Pancevski, Filip"]
[Black "Pelletier, Yannick"]
[Result "0-1"]
[WhiteElo "2441"]
[BlackElo "2505"]
[Annotator "RC"]
[PlyCount "110"]
[EventDate "2023.11.10"]
[EventType "team-tourn"]
[EventCountry "MNE"]
[SourceTitle "playchess.com"]
[Source "ChessBase"]
[SourceQuality "1"]
[WhiteTeam "Macedonia"]
[BlackTeam "Switzerland"]
[WhiteTeamCountry "MKD"]
[BlackTeamCountry "SUI"]

1. c4 Nf6 2. g3 e5 3. Bg2 c6 4. Nf3 e4 5. Nd4 d5 6. d3 Qb6 7. Nb3 Bb4+ 8. Bd2 Ng4 9. O-O e3 10. Bxe3 Nxe3 11. fxe3 Qxe3+ 12. Kh1 dxc4 13. dxc4 O-O 14. a3 Be7 15. Nc3 Be6 16. Na5 Qe5 17. Qa4 Qc7 18. Rac1 Bg5 19. Rcd1 Nd7 20. Ne4 Be7 21. b4 Ne5 22. Nc5 Bxc5 23. bxc5 Rae8 24. Rd4 Bc8 25. Nb3 a6 26. Nd2 Nd7 27. Ne4 Qe5 28. Rfd1 Nxc5 29. Nxc5 Qxc5 30. Bf3 a5 31. Qb3 h6 32. Kg2 Re7 33. R1d3 Rfe8 34. Qb2 Bf5 35. Rd2 Be6 36. Rc2 Bf5 37. Rcd2 Be6 38. Rc2 Qf5 39. Rg4 f6 40. Rd4 Qc5 41. Qc3 Bf7 42. Rcd2 Bh5 43. Rd8 Rxd8 44. Rxd8+ Re8 45. Qd4 Bxf3+ 46. exf3 Qxd4 47. Rxd4 Re2+ 48. Kh3 Re3 49. Rd7 b5 50. cxb5 cxb5 51. a4 bxa4 52. f4 a3 53. Ra7 a2 54. Rxa5 Re2 55. f5 h5 0-1

[Event "ETCC Open 2023"]
[Site "Budva"]
[Date "2023.11.20"]
[Round "9.60"]
[White "Kurmann, Oliver"]
[Black "Lazov, Toni"]
[Result "1/2-1/2"]
[WhiteElo "2436"]
[BlackElo "2377"]
[Annotator "RC"]
[PlyCount "189"]
[EventDate "2023.11.10"]
[EventType "team-tourn"]
[EventCountry "MNE"]
[SourceTitle "playchess.com"]
[Source "ChessBase"]
[SourceQuality "1"]
[WhiteTeam "Switzerland"]
[BlackTeam "Macedonia"]
[WhiteTeamCountry "SUI"]
[BlackTeamCountry "MKD"]

1. e4 c5 2. Nf3 d6 3. d4 Nf6 4. Nc3 cxd4 5. Nxd4 Nc6 6. Bc4 e6 7. Be3 a6 8. Qe2 Qc7 9. Nxc6 Qxc6 10. Bd3 Be7 11. O-O-O O-O 12. g4 Nd7 13. g5 Ne5 14. f4 Nxd3+ 15. Rxd3 b5 16. Bd4 b4 17. Nd1 e5 18. fxe5 dxe5 19. Bxe5 Bxg5+ 20. Kb1 f6 21. Rd6 Qc5 22. Rd5 Qc6 23. Rd6 Qb7 24. Rg1 Qe7 25. Bg3 Bb7 26. Nf2 f5 27. Qc4+ Qf7 28. Qxf7+ Rxf7 29. exf5 Rxf5 30. Nd3 a5 31. Be5 Raf8 32. a3 Be4 33. Bg3 bxa3 34. Re1 Bxd3 35. Rxd3 axb2 36. Kxb2 Bf6+ 37. c3 Rc8 38. Kc2 h5 39. Re2 Kf7 40. Bd6 g5 41. Kb3 Rb5+ 42. Kc2 Rc4 43. Ba3 Rb6 44. Rd7+ Kg6 45. Rd3 Rbc6 46. Bb2 g4 47. Rg2 h4 48. Kd2 Bg5+ 49. Kc2 h3 50. Re2 Bf6 51. Kd2 a4 52. Rf2 Bg5+ 53. Kc2 Rf4 54. Re2 Bf6 55. Kd2 Rf1 56. Kc2 Rg1 57. Rde3 Rh1 58. Re4 a3 59. Rxg4+ Kf5 60. Rg3 axb2 61. Rf2+ Ke4 62. Re2+ Kd5 63. Kxb2 Rf1 64. Rxh3 Rf4 65. Kb3 Rb6+ 66. Kc2 Kc4 67. Rhe3 Ra6 68. Re4+ Rxe4 69. Rxe4+ Kd5 70. Rf4 Be5 71. Rh4 Ra2+ 72. Kd3 Ra3 73. Rc4 Ra1 74. Rc8 Bxh2 75. Rd8+ Bd6 76. Kc2 Rh1 77. Kd3 Rh4 78. Ke3 Kc5 79. Rc8+ Kb5 80. Kd3 Bc5 81. Rb8+ Bb6 82. Rc8 Rh2 83. Rb8 Kc5 84. Rc8+ Kd5 85. Rb8 Bc5 86. Rd8+ Bd6 87. Ke3 Rh6 88. Kd3 Rg6 89. Re8 Rg3+ 90. Kc2 Kc4 91. Re4+ Kb5 92. Kb3 Bc5 93. Re8 Bd4 94. Rc8 Be5 95. Kc2 1/2-1/2

[Event "ETCC Open 2023"]
[Site "Budva"]
[Date "2023.11.20"]
[Round "9.61"]
[White "Keinanen, Toivo"]
[Black "Glek, Igor"]
[Result "1-0"]
[WhiteElo "2527"]
[BlackElo "2435"]
[Annotator "RC"]
[PlyCount "87"]
[EventDate "2023.11.10"]
[EventType "team-tourn"]
[EventCountry "MNE"]
[SourceTitle "playchess.com"]
[Source "ChessBase"]
[SourceQuality "1"]
[WhiteTeam "Finland"]
[BlackTeam "Belgium"]
[WhiteTeamCountry "FIN"]
[BlackTeamCountry "BEL"]

1. Nf3 f5 2. d3 Nc6 3. d4 e6 4. g3 Nf6 5. Bg2 Be7 6. c4 d5 7. Nc3 Ne4 8. O-O O-O 9. cxd5 exd5 10. Qb3 Kh8 11. Kh1 Nxc3 12. Qxc3 Be6 13. Rd1 a5 14. Bd2 Nb8 15. Qb3 Ra7 16. Bf4 Bg8 17. Qe3 Bf6 18. Qd3 Be6 19. Bh3 g6 20. Bg2 c6 21. h4 Nd7 22. Rac1 Qe7 23. Bh3 Re8 24. Kg2 Nb6 25. Rh1 Bg8 26. Rce1 Nc4 27. b3 Na3 28. Be5 h5 29. Bxf5 gxf5 30. Qxf5 Rf8 31. Qxh5+ Qh7 32. Qxh7+ Bxh7 33. Bd6 Rg8 34. Bxa3 Be4 35. Rd1 a4 36. Bc5 b6 37. Bxb6 Rb7 38. Bc5 axb3 39. axb3 Rxb3 40. Rd2 Ra8 41. Rc1 Kg8 42. Kh2 Bxf3 43. exf3 Rxf3 44. Bb6 1-0

[Event "ETCC Open 2023"]
[Site "Budva"]
[Date "2023.11.20"]
[Round "9.62"]
[White "Beukema, Jasper"]
[Black "Sammalvuo, Tapani"]
[Result "1-0"]
[WhiteElo "2357"]
[BlackElo "2381"]
[Annotator "RC"]
[PlyCount "145"]
[EventDate "2023.11.10"]
[EventType "team-tourn"]
[EventCountry "MNE"]
[SourceTitle "playchess.com"]
[Source "ChessBase"]
[SourceQuality "1"]
[WhiteTeam "Belgium"]
[BlackTeam "Finland"]
[WhiteTeamCountry "BEL"]
[BlackTeamCountry "FIN"]

1. d4 d5 2. c4 e6 3. Nc3 Be7 4. Nf3 Nf6 5. Bf4 O-O 6. e3 c5 7. dxc5 Bxc5 8. Qc2 Nc6 9. a3 Qa5 10. Rd1 Ne4 11. cxd5 Nxc3 12. bxc3 exd5 13. a4 Be7 14. Bd3 Bf6 15. Bxh7+ Kh8 16. O-O g6 17. Bxg6 fxg6 18. Qxg6 Ne7 19. Qh5+ Kg8 20. Bh6 Rf7 21. Ng5 Bxg5 22. Qxg5+ Kh7 23. Qh5 Kg8 24. Qg5+ Kh7 25. Qh5 Kg8 26. e4 Qxc3 27. Rxd5 Nxd5 28. Qg6+ Rg7 29. Qe8+ Kh7 30. Bxg7 Bh3 31. Qh5+ Kxg7 32. Qxd5 Rg8 33. Rd1 Bc8 34. h3 Re8 35. Qg5+ Kf8 36. Rd6 Qa1+ 37. Kh2 Qe5+ 38. Qxe5 Rxe5 39. Rd8+ Re8 40. Rd4 Ke7 41. f4 a5 42. f5 Kf6 43. g4 Ke5 44. Rd1 Rg8 45. Re1 Bd7 46. Kg3 Bxa4 47. h4 Bc2 48. g5 b5 49. f6 Ke6 50. Rc1 Rc8 51. h5 b4 52. h6 b3 53. h7 Rh8 54. Rf1 Bxe4 55. Re1 b2 56. Rxe4+ Kf5 57. Re1 a4 58. f7 a3 59. Re8 b1=Q 60. f8=Q+ Rxf8 61. Rxf8+ Kxg5 62. h8=Q Qg1+ 63. Kf3 Qf1+ 64. Ke4 Qe2+ 65. Kd5 Qb5+ 66. Kd4 Qb4+ 67. Kd3 Qd6+ 68. Ke3 Qg3+ 69. Ke2 Qg2+ 70. Rf2 Qg4+ 71. Kd2 Qd7+ 72. Ke1 Qe7+ 73. Kf1 1-0